000 00318nam a22001337a 4500
999 _c55027
_d55027
008 200205b ||||| |||| 00| 0 eng d
041 _aeng
080 _2043.3
_a043.3
082 _2
_a043.3
100 _a0
101 _aBTH
245 _aKujdesi Infermieror tek të Sëmurët me Gastrit
_cBuja,D
942 _2udc
_cBK